| 000 | 01719nam a2200349 a 4500 | ||
|---|---|---|---|
| 001 | 000014856 | ||
| 003 | DO-SdBNP | ||
| 005 | 20240710133236.0 | ||
| 008 | 100126s2009 dr 001 0 spa d | ||
| 020 | _a9789945423167 | ||
| 040 |
_aDO-SdBNP _bspa _cBNPHU |
||
| 082 | 4 |
_a303.372 _bP977v _222 |
|
| 100 | 1 |
_aPuello Herrera, Juan Francisco _933659 |
|
| 245 | 1 | 4 |
_aLos valores morales desde la perspectiva de la fe / _cJuan Francisco Puello Herrera ; presentación Justo Pedro Castellanos ; introducción Wilhelm Brouwer. |
| 260 |
_aSanto Domingo : _bUNAPEC, _c2009. |
||
| 300 |
_a68 p. ; _c22 cm. |
||
| 490 | 1 | _aUNAPEC por un mundo mejor | |
| 490 | 1 |
_aÉtica ; _v1 |
|
| 504 | _aIncluye bibliografía y notas al final de capítulos. | ||
| 505 | 0 |
_gPresentación / _rJusto Pedro Castellanos -- _tIntroducción: Cinco conferencias magistrales de Juan Francisco Puello Herrera / _rWilhelm Brouwer -- _tLos valores morales desde la perspectiva de la fe -- _tLa educación para los nuevos tiempos -- _tConsideraciones éticas sobre el aborto -- _tLa alegría de vivir -- _tLa fraternidad y la declaración universal de los derechos humanos -- |
|
| 590 | _aInventariado, 2018/BT | ||
| 650 | 4 |
_aÉtica _933660 _vEnsayos, conferencias, etc. |
|
| 650 | 4 |
_aReligión y moral _933661 _vEnsayos, conferencias, etc. |
|
| 650 | 4 |
_aValores (filosofía) _917458 _vEnsayos, conferencias, etc. |
|
| 650 | 4 |
_aAborto _xAspectos morales y éticos _xEnsayos, conferencias, etc. _933662 |
|
| 650 | 0 |
_aEnsayos dominicanos _965 |
|
| 700 | 1 |
_aCastellanos, Justo Pedro, _d1961- _epresent. _971189 |
|
| 830 | 0 |
_aUNAPEC por un mundo mejor _922883 |
|
| 830 | 0 |
_aÉtica ; _n1 _933664 |
|
| 910 | _aValidado. Control de calidad. EMS | ||
| 942 |
_2ddc _cLBS1 |
||
| 999 |
_c14436 _d14436 |
||